| 000 | 00572nam a22001817a 4500 | ||
|---|---|---|---|
| 005 | 20251029124712.0 | ||
| 008 | 251029b |||||||| |||| 00| 0 eng d | ||
| 040 | _aMAIN | ||
| 082 |
_a004.678 _bN229A |
||
| 100 | _aNavita | ||
| 245 | _aAnalysis and design of Iot based healthcare model for disease diagnosis using data mining techniques | ||
| 260 |
_bDepartment of Computer Science and Applications, M D University, Rohtak _c2025 |
||
| 300 | _axxi, 1999 | ||
| 650 | _aComputer Science | ||
| 650 | _aData Mining Techniques | ||
| 700 | _aMittal, Pooja | ||
| 942 | _cTH | ||
| 999 |
_c393735 _d393735 |
||